Vista normal
Vista MARC
Entrada Personal Name
Número de registros utilizados en: 1
001 - CONTROL NUMBER
- control field: 893
003 - CONTROL NUMBER IDENTIFIER
- control field: OSt
005 - DATE AND TIME OF LATEST TRANSACTION
- control field: 20110817130911.0
008 - FIXED-LENGTH DATA ELEMENTS
- fixed length control field: 110817|||a|||||| | ||| d
040 ## - CATALOGING SOURCE
- Original cataloging agency: OSt
- Transcribing agency: OSt
100 ## - HEADING--PERSONAL NAME
- Personal name: Fustinoni, Osvaldo.
- Titles and other words associated with a name: (h)
670 ## - SOURCE DATA FOUND
- Source citation: Work cat.: (OSt)583: Fustinoni, Osvaldo. 405, Semiología del Sistema Nervioso / , 1991.